Evaluación del sistema de tratamiento de agua de proceso en la empresa Kola Shaler Industrial S. A., durante el período marzo-septiembre 2015
El estudio consiste en la realización de la evaluación del sistema de tratamiento de agua en la empresa Kola Shaler, en la cual consistió en identificar tanto; la calidad de la fuente de agua, para lo cual se realizó el análisis de los parámetros fisicoquímico y microbiológicos que la empres...
| Main Authors: | , |
|---|---|
| Other Authors: | |
| Format: | Tesis Section = Libro |
| Language: | Undetermined Spanish |
| Published: |
Managua
UNI
2016
|
| Subjects: |
| LEADER | 01386nam a2200265Ia 4500 | ||
|---|---|---|---|
| 008 | 240830s9999 xx 000 0 und d | ||
| 040 | |a BIBLIOTECA-RUSB/ Mon 628.162 B642 | ||
| 041 | |a spa | ||
| 082 | |a Mon 628.162 B642 | ||
| 100 | 1 | |a Blandón Castillo, Edith Milagros | |
| 100 | 1 | |b Martínez López, Marbelly de los Ángeles | |
| 245 | 1 | 0 | |a Evaluación del sistema de tratamiento de agua de proceso en la empresa Kola Shaler Industrial S. A., durante el período marzo-septiembre 2015 |
| 260 | |a Managua |b UNI |c 2016 | ||
| 300 | |a 87 p. :il. | ||
| 500 | |a Contiene: anexos e Incluye: CD. | ||
| 502 | |a Tesis (Ingeniero Químico) - UNI, 2016. | ||
| 520 | 3 | |a El estudio consiste en la realización de la evaluación del sistema de tratamiento de agua en la empresa Kola Shaler, en la cual consistió en identificar tanto; la calidad de la fuente de agua, para lo cual se realizó el análisis de los parámetros fisicoquímico y microbiológicos que la empresa registro en los años 2011-2014, al mismo tiempo se evaluó cada equipo conforme el sistema y se corroboró que estos cumplieran las funciones para lo cual fueron instalados. | |
| 650 | 7 | |a PURIFICACION DEL AGUA | |
| 650 | 7 | |b AGUA-TRATAMIENTO | |
| 650 | 7 | |c CALIDAD DEL AGUA | |
| 650 | 7 | |d AGUA POTABLE-NORMAS | |
| 700 | 1 | |a Tutor: |b Muñoz Centeno, Yeldy | |
| 942 | |c BK |2 ddc | ||
| 991 | |a TESIS | ||
| 999 | |c 20420 | ||